[Event "DEM U16w 2016"]
[Site "Willingen GER"]
[Date "2016.05.20"]
[Round "8"]
[White "Sewald, Kathrin"]
[Black "Sieber, Fiona"]
[Result "0-1"]
[Termination "normal"]
[Board "2"]
[BlackTitle "WFM"]
[WhiteElo "1789"]
[BlackElo "2236"]
[WhiteClock "00:41:59"]
[BlackClock "00:16:50"]
[PlyCount "100"]
[WhiteFideId "12964557"]
[BlackFideId "12902373"]
[EventCountry "GER"]
[EventRounds "9"]
[EventType "swiss"]
[EventDate "2016.05.14"]

1. e4 c5 2. d3 Nc6 3. g3 g6 4. Bg2 Bg7 5. f4 d6 6. Nf3 e6 7. c3 Nge7 8. O-O O-O
9. Be3 b6 10. Nbd2 Ba6 11. Qc2 Rc8 12. Rfe1 d5 13. Bf2 Qc7 14. e5 Nb8 15. Bh3
Bb5 16. g4 Bd7 17. Nf1 b5 18. b3 a5 19. a4 bxa4 20. bxa4 Na6 21. Bg3 Qc6 22.
Bg2 Rb8 23. N3d2 Qc7 24. Rec1 Rb6 25. Ne3 Rfb8 26. Nd1 g5 27. fxg5 Bxe5 28.
Bxe5 Qxe5 29. Nf3 Qf4 30. h3 Ng6 31. Qa2 R8b7 32. Rc2 Bc6 33. Rf2 Qg3 34. Ne3
Nb8 35. Nf1 Qd6 36. d4 Nd7 37. h4 Rb3 38. Qd2 Nb6 39. h5 Nc4 40. Qc1 Nf4 41.
dxc5 Qc7 42. Nd4 Nd3 43. Qc2 Nxf2 44. Nxb3 Nxg4 45. Nd4 Rb2 46. Qc1 Bd7 47. g6
f6 48. gxh7+ Kxh7 49. Rb1 Rf2 50. c6 Nce3 0-1

[Event "DEM U16w 2016"]
[Site "Willingen GER"]
[Date "2016.05.20"]
[Round "8"]
[White "Köhler, Inken"]
[Black "Wächter, Nathalie"]
[Result "1-0"]
[Termination "normal"]
[Board "3"]
[WhiteElo "1968"]
[BlackElo "1974"]
[WhiteClock "00:17:25"]
[BlackClock "00:01:05"]
[PlyCount "69"]
[WhiteFideId "12929301"]
[BlackFideId "12921033"]
[EventCountry "GER"]
[EventRounds "9"]
[EventType "swiss"]
[EventDate "2016.05.14"]

1. e4 e5 2. Nf3 Nc6 3. d4 exd4 4. Nxd4 Nf6 5. Nxc6 bxc6 6. Qe2 Qe7 7. Nc3 a5 8.
Bd2 Ba6 9. Qe3 Bxf1 10. Kxf1 Qe6 11. f3 h6 12. Ne2 Bb4 13. Bc3 Nd5 14. Qd4 Bxc3
15. Nxc3 Nf6 16. Rd1 O-O 17. e5 Nh7 18. Qxd7 Qxe5 19. Qxc6 Rfe8 20. Qe4 Qc5 21.
Qd4 Qe7 22. Kf2 Qb4 23. Nd5 Qb7 24. Rhe1 Ng5 25. Ne7+ Kh7 26. Nf5 Rg8 27. Qd3
Kh8 28. Qc3 Qb6+ 29. Qd4 c5 30. Qc3 c4+ 31. Qd4 Qa6 32. Nd6 Rad8 33. h4 Rxd6
34. Qxd6 Qa7+ 35. Qd4 1-0

[Event "DEM U16w 2016"]
[Site "Willingen GER"]
[Date "2016.05.20"]
[Round "8"]
[White "Hartmann, Cora"]
[Black "Ratay, Meike"]
[Result "1-0"]
[Termination "normal"]
[Board "4"]
[WhiteElo "1828"]
[BlackElo "1688"]
[WhiteClock "00:32:44"]
[BlackClock "00:29:14"]
[PlyCount "59"]
[WhiteFideId "16200764"]
[BlackFideId "12977608"]
[EventCountry "GER"]
[EventRounds "9"]
[EventType "swiss"]
[EventDate "2016.05.14"]

1. e4 e5 2. Nf3 Nc6 3. Bc4 Bc5 4. O-O Nf6 5. d4 Bxd4 6. Nxd4 Nxd4 7. f4 d6 8.
fxe5 dxe5 9. Bg5 Be6 10. Na3 Bxc4 11. Nxc4 Qe7 12. Bxf6 gxf6 13. c3 Ne6 14. Kh1
Ng5 15. Qg4 h5 16. Qf5 Rh6 17. Ne3 c6 18. h4 Ne6 19. Qf3 Ng7 20. Rad1 Rd8 21.
Rxd8+ Kxd8 22. Rd1+ Kc7 23. Nc4 Ne8 24. Qe3 Rg6 25. Qxa7 Rg4 26. Qa5+ Kc8 27.
Nb6+ Kb8 28. Nd7+ Kc8 29. Qa8+ Kc7 30. Qb8# 1-0

[Event "DEM U16w 2016"]
[Site "Willingen GER"]
[Date "2016.05.20"]
[Round "8"]
[White "Lange, Cecilia"]
[Black "Simon, Tessa"]
[Result "1/2-1/2"]
[Termination "normal"]
[Board "5"]
[WhiteElo "1841"]
[BlackElo "1927"]
[WhiteClock "00:14:20"]
[BlackClock "00:01:30"]
[PlyCount "81"]
[WhiteFideId "12976040"]
[BlackFideId "12929395"]
[EventCountry "GER"]
[EventRounds "9"]
[EventType "swiss"]
[EventDate "2016.05.14"]

1. e4 c5 2. Nf3 Nc6 3. Bb5 e6 4. O-O Nge7 5. c3 a6 6. Ba4 b5 7. Bc2 d5 8. d4
cxd4 9. Nxd4 Nxd4 10. Qxd4 Bb7 11. Nd2 Nc6 12. Qe3 d4 13. cxd4 Nxd4 14. Bb1 Rc8
15. Qd3 Bd6 16. Nf3 Nxf3+ 17. Qxf3 Be5 18. Bd3 O-O 19. Rd1 Qc7 20. h3 Rcd8 21.
Qe2 Qc6 22. Be3 Bb8 23. Rac1 Qd6 24. g3 Qe7 25. Bc5 Bd6 26. Bxd6 Rxd6 27. Bb1
Rfd8 28. Rxd6 Rxd6 29. Rd1 Qd8 30. Rxd6 Qxd6 31. Qd3 Qc7 32. Bc2 g6 33. Kf1 e5
34. Qc3 Qd6 35. a3 Qe6 36. h4 h5 37. Qf3 Qc4+ 38. Qd3 Qe6 39. Qf3 Qc4+ 40. Qd3
Qe6 41. Qf3 1/2-1/2

[Event "DEM U16w 2016"]
[Site "Willingen GER"]
[Date "2016.05.20"]
[Round "8"]
[White "Sanati, Charlotte"]
[Black "Kail, Sindy"]
[Result "0-1"]
[Termination "normal"]
[Board "6"]
[WhiteElo "1915"]
[BlackElo "1728"]
[WhiteClock "00:01:40"]
[BlackClock "00:14:04"]
[PlyCount "72"]
[WhiteFideId "12907707"]
[BlackFideId "12988502"]
[EventCountry "GER"]
[EventRounds "9"]
[EventType "swiss"]
[EventDate "2016.05.14"]

1. e4 c5 2. Nf3 d6 3. d4 cxd4 4. Nxd4 Nf6 5. Nc3 a6 6. Bc4 e6 7. Bb3 Nbd7 8.
Bg5 Nc5 9. f4 Be7 10. Qf3 Qc7 11. O-O b5 12. a3 Bb7 13. Rae1 Nxb3 14. Nxb3 O-O
15. Qg3 Kh8 16. e5 dxe5 17. fxe5 Ng8 18. Kh1 Bxg5 19. Qxg5 Ne7 20. Nd4 Rad8 21.
Rf4 Ng6 22. Rg4 Qc5 23. Nb3 Qf2 24. Qe3 Qxc2 25. Nc5 Ba8 26. Re2 Qf5 27. Rg5
Qf1+ 28. Qg1 Qf4 29. Qe3 Rd1+ 30. Nxd1 Qf1+ 31. Qg1 Qxe2 32. Qd4 Nf4 33. Qg1
Nxg2 34. Rxg2 Bxg2+ 35. Qxg2 Qxd1+ 36. Qg1 Qd5+ 0-1

[Event "DEM U16w 2016"]
[Site "Willingen GER"]
[Date "2016.05.20"]
[Round "8"]
[White "Reinecke, Katharina"]
[Black "Halas, Julia"]
[Result "0-1"]
[Termination "normal"]
[Board "7"]
[WhiteElo "1842"]
[BlackElo "1880"]
[PlyCount "94"]
[WhiteFideId "12929727"]
[BlackFideId "12931810"]
[EventCountry "GER"]
[EventRounds "9"]
[EventType "swiss"]
[EventDate "2016.05.14"]

1. d4 Nf6 2. c4 g6 3. g3 Bg7 4. Nf3 O-O 5. Bg2 d6 6. Nc3 c5 7. O-O Nc6 8. d5
Na5 9. Qd3 a6 10. e4 b5 11. cxb5 axb5 12. Nxb5 Ba6 13. a4 Qd7 14. Bd2 c4 15.
Qe2 Nb3 16. Ra3 Nxd2 17. Nxd2 c3 18. Rxc3 Bxb5 19. Qxb5 Rxa4 20. Qxd7 Nxd7 21.
Rc7 Nc5 22. Rb1 Rd4 23. Nf1 Nxe4 24. Rxe7 Nd2 25. Nxd2 Rxd2 26. b4 Bd4 27. Rf1
Rb8 28. Re4 Rxb4 29. Rf4 Rbb2 30. Bh1 Kg7 31. Kg2 Bc5 32. Kg1 Rb3 33. Rf3 Rb4
34. Rf4 Rxf4 35. gxf4 Kf6 36. Kg2 Rxd5 37. Kg3 Rd2 38. Be4 d5 39. Bb1 Bd6 40.
Rc1 Rd4 41. Rc6 Ke7 42. Ba2 Bxf4+ 43. Kg2 Rd2 44. Bb3 Bd6 45. Ra6 Ke6 46. h3
Ke5 47. Ra8 Bc5 0-1

[Event "DEM U16w 2016"]
[Site "Willingen GER"]
[Date "2016.05.20"]
[Round "8"]
[White "Rogozenco, Teodora"]
[Black "Schilay, Eva"]
[Result "1-0"]
[Termination "normal"]
[Board "8"]
[WhiteElo "2104"]
[BlackElo "1540"]
[PlyCount "73"]
[WhiteFideId "12938084"]
[BlackFideId "12930164"]
[EventCountry "GER"]
[EventRounds "9"]
[EventType "swiss"]
[EventDate "2016.05.14"]

1. d4 d5 2. c4 e5 3. dxe5 d4 4. Nf3 Nc6 5. Nbd2 Nge7 6. Nb3 Ng6 7. Nbxd4 Ngxe5
8. Nxe5 Nxe5 9. e3 c5 10. Nf3 Qxd1+ 11. Kxd1 Bg4 12. Be2 Rd8+ 13. Bd2 Bxf3 14.
gxf3 Be7 15. Kc2 Bf6 16. Bc3 Ke7 17. f4 Nd7 18. Bf3 b6 19. Rad1 Bxc3 20. Kxc3
Nf6 21. e4 Rhe8 22. e5 Nd7 23. Bc6 Rf8 24. Ba4 Nb8 25. Rd5 f6 26. Rhd1 h6 27.
Rxd8 Rxd8 28. Rxd8 Kxd8 29. Kd3 Ke7 30. Bb5 a6 31. Ba4 Ke6 32. Ke4 g6 33. Be8
g5 34. f5+ Ke7 35. Ba4 fxe5 36. Kxe5 g4 37. Kf4 1-0

[Event "DEM U16w 2016"]
[Site "Willingen GER"]
[Date "2016.05.20"]
[Round "8"]
[White "Habersetzer, Elyse"]
[Black "Ley, Sabrina"]
[Result "0-1"]
[Termination "normal"]
[Board "9"]
[WhiteElo "1638"]
[BlackElo "1816"]
[PlyCount "98"]
[WhiteFideId "16222288"]
[BlackFideId "12938130"]
[EventCountry "GER"]
[EventRounds "9"]
[EventType "swiss"]
[EventDate "2016.05.14"]

1. d4 Nf6 2. Nf3 g6 3. c4 Bg7 4. Nc3 O-O 5. e4 d6 6. h3 c5 7. d5 e6 8. Bd3 exd5
9. exd5 Re8+ 10. Be3 Nbd7 11. O-O Nh5 12. Qd2 Ne5 13. Nxe5 Bxe5 14. a4 b6 15.
Rae1 Bd7 16. b3 Qc8 17. Ne4 f5 18. Nxd6 Bxd6 19. f4 Qc7 20. Rd1 Ng3 21. Rf2 Ne4
22. Bxe4 Rxe4 23. g3 Rae8 24. Re1 Qd8 25. Rff1 Bf8 26. Bf2 Bg7 27. Rxe4 Rxe4
28. Re1 Qe7 29. Kf1 Kf7 30. a5 Rxe1+ 31. Qxe1 Qxe1+ 32. Bxe1 b5 33. Bf2 Bf8 34.
cxb5 Bxb5+ 35. Ke1 Ba6 36. Kd2 Bb7 37. Kc3 Bxd5 38. Kb2 Ke6 39. Kc3 Kd7 40. Be1
Kc6 41. h4 Kb5 42. Kb2 Bd6 43. Kc2 Bc7 44. Kb2 Bxa5 45. Bf2 Bb6 46. Be1 a5 47.
Ka3 c4 48. bxc4+ Bxc4 49. Kb2 a4 0-1

[Event "DEM U16w 2016"]
[Site "Willingen GER"]
[Date "2016.05.20"]
[Round "8"]
[White "ter Stal, Esther"]
[Black "Diener, Carolin Valeria"]
[Result "1/2-1/2"]
[Termination "normal"]
[Board "10"]
[WhiteElo "1597"]
[BlackElo "1740"]
[PlyCount "54"]
[WhiteFideId "12944467"]
[BlackFideId "24699063"]
[EventCountry "GER"]
[EventRounds "9"]
[EventType "swiss"]
[EventDate "2016.05.14"]

1. d4 c5 2. Nf3 cxd4 3. Nxd4 d5 4. Bf4 Nd7 5. Nf3 Ngf6 6. e3 Nb6 7. Be2 a6 8.
O-O Bf5 9. Nbd2 e6 10. c4 Be7 11. Rc1 dxc4 12. Nxc4 Qxd1 13. Rfxd1 Nxc4 14.
Rxc4 Be4 15. Ne5 O-O 16. Nd7 Bd5 17. Nxf8 Bxc4 18. Bxc4 Kxf8 19. a4 Rd8 20.
Rxd8+ Bxd8 21. Kf1 Be7 22. Ke2 Bb4 23. f3 Ke7 24. e4 Nd7 25. h3 Nb6 26. Bb3 Nd7
27. Bc2 e5 1/2-1/2

[Event "DEM U16w 2016"]
[Site "Willingen GER"]
[Date "2016.05.20"]
[Round "8"]
[White "Weiten, Anna"]
[Black "Sauer, Annika"]
[Result "1/2-1/2"]
[Termination "normal"]
[Board "11"]
[WhiteElo "1415"]
[BlackElo "1596"]
[PlyCount "54"]
[WhiteFideId "12938203"]
[BlackFideId "12952052"]
[EventCountry "GER"]
[EventRounds "9"]
[EventType "swiss"]
[EventDate "2016.05.14"]

1. e4 d5 2. exd5 Nf6 3. Nc3 Nxd5 4. Bc4 Nf6 5. d3 Bf5 6. Nf3 e6 7. Be3 Nbd7 8.
h3 c6 9. a4 Qc7 10. Qd2 Bb4 11. Bf4 e5 12. Bg3 Qa5 13. O-O O-O 14. Qg5 Bxc3 15.
bxc3 Bg6 16. Nxe5 Qxc3 17. Bb3 Rfe8 18. Nxg6 hxg6 19. Rab1 Nf8 20. Qf4 Ne6 21.
Qc4 Qd4 22. Qxd4 Nxd4 23. Bc4 Ne2+ 24. Kh2 Nxg3 25. fxg3 Rab8 26. Rfe1 Rxe1 27.
Rxe1 Re8 1/2-1/2

[Event "DEM U16w 2016"]
[Site "Willingen GER"]
[Date "2016.05.20"]
[Round "8"]
[White "Gläser, Anne"]
[Black "Christiansen, Anna"]
[Result "1/2-1/2"]
[Termination "normal"]
[Board "12"]
[WhiteElo "1304"]
[BlackElo "1503"]
[PlyCount "87"]
[WhiteFideId "16208765"]
[BlackFideId "12952230"]
[EventCountry "GER"]
[EventRounds "9"]
[EventType "swiss"]
[EventDate "2016.05.14"]

1. e4 e5 2. Nf3 Nc6 3. Bc4 Bc5 4. c3 Nf6 5. d3 a6 6. Bb3 d6 7. h3 Ba7 8. O-O h6
9. Re1 O-O 10. Nbd2 Nh5 11. Nf1 Qf6 12. Be3 Nf4 13. Ng3 g5 14. Kh2 Kh7 15. Ng1
Qg6 16. f3 Bd7 17. Bxa7 Rxa7 18. Qd2 Raa8 19. N1e2 Kg7 20. Rg1 f5 21. exf5 Bxf5
22. Nxf5+ Qxf5 23. Nxf4 exf4 24. d4 Ne7 25. Bc2 Qf7 26. Qd3 Ng6 27. Rae1 Rae8
28. b3 Rxe1 29. Rxe1 Re8 30. Rxe8 Qxe8 31. Qe4 Qxe4 32. Bxe4 b6 33. Kg1 Ne7 34.
Kf2 Kf6 35. Ke2 Nf5 36. Bxf5 Kxf5 37. Kd3 d5 38. c4 c6 39. a3 h5 40. Kc3 g4 41.
h4 a5 42. b4 gxf3 43. gxf3 axb4+ 44. axb4 1/2-1/2

[Event "DEM U16w 2016"]
[Site "Willingen GER"]
[Date "2016.05.20"]
[Round "8"]
[White "Duan, Muxi"]
[Black "Jörs, Pia-Milena"]
[Result "1/2-1/2"]
[Termination "normal"]
[Board "13"]
[WhiteElo "1246"]
[BlackElo "1568"]
[PlyCount "95"]
[WhiteFideId "12971960"]
[BlackFideId "12964646"]
[EventCountry "GER"]
[EventRounds "9"]
[EventType "swiss"]
[EventDate "2016.05.14"]

1. e4 c6 2. d4 d5 3. exd5 cxd5 4. Bd3 Nc6 5. c3 Qc7 6. h3 e6 7. Nf3 Nf6 8. Be3
Bd6 9. Nbd2 O-O 10. O-O a6 11. Rc1 b5 12. b3 Bb7 13. c4 bxc4 14. bxc4 dxc4 15.
Nxc4 Be7 16. Nce5 Nd5 17. Nxc6 Bxc6 18. Ne5 Bf6 19. Rxc6 Qb7 20. Rc2 Rfd8 21.
Qe2 Bxe5 22. dxe5 a5 23. Rb2 Qd7 24. Bb5 Qc7 25. Bd2 Rab8 26. Rc1 Qa7 27. Rcb1
Rbc8 28. Qe1 a4 29. Ba5 a3 30. Rb3 Rf8 31. Bb4 Nxb4 32. Rxb4 Rc2 33. Ra4 Qc5
34. Rab4 Rxa2 35. Rc4 Qa7 36. Rcc1 h6 37. Ra1 Rb2 38. Bd3 Rd8 39. Rc2 Rdb8 40.
Qc1 Rxc2 41. Qxc2 g6 42. Kf1 Kg7 43. Qc3 a2 44. Qd2 Rd8 45. Rxa2 Rxd3 46. Rxa7
Rxd2 47. Ke1 Rb2 48. Ra3 1/2-1/2

[Event "DEM U16w 2016"]
[Site "Willingen GER"]
[Date "2016.05.21"]
[Round "9"]
[White "Simon, Tessa"]
[Black "Leser, Katrin"]
[Result "0-1"]
[Termination "normal"]
[Board "1"]
[WhiteElo "1927"]
[BlackElo "1894"]
[WhiteClock "00:01:35"]
[BlackClock "00:05:24"]
[PlyCount "80"]
[WhiteFideId "12929395"]
[BlackFideId "12997692"]
[EventCountry "GER"]
[EventRounds "9"]
[EventType "swiss"]
[EventDate "2016.05.14"]

1. e4 e6 2. d4 d5 3. Nc3 Nf6 4. Bg5 dxe4 5. Nxe4 Be7 6. Bxf6 gxf6 7. Nf3 a6 8.
Qe2 b5 9. O-O-O f5 10. Nc3 Qd6 11. Ne5 Nd7 12. Rg1 Nxe5 13. dxe5 Qb6 14. Qd2 b4
15. Nb1 Qa5 16. a3 Qxe5 17. axb4 Qxh2 18. Qc3 O-O 19. Bd3 Qf4+ 20. Nd2 Qxb4 21.
Qxc7 Bd6 22. Qc4 Rb8 23. Qxb4 Rxb4 24. Nc4 Bc5 25. g4 f6 26. gxf5+ Kf7 27. Rh1
Rh8 28. c3 Rb7 29. b4 Bf8 30. Na5 Rc7 31. fxe6+ Bxe6 32. Kb2 h6 33. Bxa6 Bg7
34. Rd3 Rb8 35. Re1 f5 36. Rde3 Rxb4+ 37. Kc2 Rb6 38. Rxe6 Rxe6 39. Bc4 Rxc4
40. Rxe6 Rxc3+ 0-1

[Event "DEM U16w 2016"]
[Site "Willingen GER"]
[Date "2016.05.21"]
[Round "9"]
[White "Sieber, Fiona"]
[Black "Hartmann, Cora"]
[Result "1-0"]
[Termination "normal"]
[Board "2"]
[WhiteTitle "WFM"]
[WhiteElo "2236"]
[BlackElo "1828"]
[WhiteClock "00:19:49"]
[BlackClock "00:00:36"]
[PlyCount "57"]
[WhiteFideId "12902373"]
[BlackFideId "16200764"]
[EventCountry "GER"]
[EventRounds "9"]
[EventType "swiss"]
[EventDate "2016.05.14"]

1. e4 d5 2. exd5 Qxd5 3. Nc3 Qa5 4. d4 c6 5. Nf3 Nf6 6. Bd2 Bf5 7. Ne4 Qd8 8.
Ng3 Bg6 9. h4 h6 10. Ne5 Bh7 11. Bc4 e6 12. Qe2 Nd5 13. O-O-O Nd7 14. Rhe1 Nxe5
15. dxe5 Qb6 16. Ne4 O-O-O 17. Qf3 Qc7 18. Bb3 Bxe4 19. Rxe4 Bc5 20. h5 Rhf8
21. Qe2 Rd7 22. c3 Qb6 23. Be1 Be7 24. Kb1 Rfd8 25. Rg4 Bg5 26. Bxd5 Rxd5 27.
Rxd5 Rxd5 28. f4 Bd8 29. Rxg7 1-0

[Event "DEM U16w 2016"]
[Site "Willingen GER"]
[Date "2016.05.21"]
[Round "9"]
[White "Kail, Sindy"]
[Black "Köhler, Inken"]
[Result "1/2-1/2"]
[Termination "normal"]
[Board "3"]
[WhiteElo "1728"]
[BlackElo "1968"]
[WhiteClock "00:19:13"]
[BlackClock "00:49:52"]
[PlyCount "47"]
[WhiteFideId "12988502"]
[BlackFideId "12929301"]
[EventCountry "GER"]
[EventRounds "9"]
[EventType "swiss"]
[EventDate "2016.05.14"]

1. e4 c5 2. Nf3 Nc6 3. d4 cxd4 4. Nxd4 e5 5. Nb5 a6 6. Nd6+ Bxd6 7. Qxd6 Qf6 8.
Qd3 Nge7 9. Be3 d5 10. c3 dxe4 11. Qxe4 Bf5 12. Qf3 Qg6 13. Nd2 Rd8 14. h3 Nd5
15. g4 Nxe3 16. Qxe3 Bd3 17. Bxd3 Rxd3 18. Qe4 Ke7 19. Qxg6 hxg6 20. f3 Rhd8
21. Rd1 f5 22. Ke2 b5 23. Rhg1 Kf6 24. h4 1/2-1/2

[Event "DEM U16w 2016"]
[Site "Willingen GER"]
[Date "2016.05.21"]
[Round "9"]
[White "Wächter, Nathalie"]
[Black "Sewald, Kathrin"]
[Result "1-0"]
[Termination "normal"]
[Board "4"]
[WhiteElo "1974"]
[BlackElo "1789"]
[WhiteClock "00:15:13"]
[BlackClock "00:25:51"]
[PlyCount "91"]
[WhiteFideId "12921033"]
[BlackFideId "12964557"]
[EventCountry "GER"]
[EventRounds "9"]
[EventType "swiss"]
[EventDate "2016.05.14"]

1. d4 c5 2. d5 f5 3. e4 fxe4 4. Nc3 Nf6 5. Nh3 h6 6. Nxe4 Qa5+ 7. Bd2 Qb6 8.
Nxf6+ Qxf6 9. Bc3 Qf7 10. Qg4 Rg8 11. Bc4 a6 12. a4 b6 13. Nf4 g6 14. h4 Bb7
15. Bd3 g5 16. hxg5 Rxg5 17. Qf3 Bg7 18. Rh5 Bxc3+ 19. bxc3 Bxd5 20. Nxd5 Qxf3
21. gxf3 Rxh5 22. Bg6+ Kd8 23. Bxh5 Nc6 24. Nxb6 Rb8 25. Nc4 d5 26. O-O-O e6
27. Bg4 Ke7 28. Nb2 Rh8 29. Re1 Nd8 30. Nd3 h5 31. Nf4 hxg4 32. Ng6+ Kf6 33.
Nxh8 Kg7 34. Rg1 Kxh8 35. Rxg4 Kh7 36. Kd2 Nf7 37. f4 Nh6 38. Rg1 Nf5 39. Re1
Ng7 40. Rb1 Kg6 41. Rb6 Kf5 42. Rxa6 Kxf4 43. Ra7 Nf5 44. Rf7 e5 45. a5 Kg4 46.
Rxf5 1-0

[Event "DEM U16w 2016"]
[Site "Willingen GER"]
[Date "2016.05.21"]
[Round "9"]
[White "Ley, Sabrina"]
[Black "Lange, Cecilia"]
[Result "1-0"]
[Termination "normal"]
[Board "6"]
[WhiteElo "1816"]
[BlackElo "1841"]
[WhiteClock "00:13:00"]
[BlackClock "00:20:32"]
[PlyCount "119"]
[WhiteFideId "12938130"]
[BlackFideId "12976040"]
[EventCountry "GER"]
[EventRounds "9"]
[EventType "swiss"]
[EventDate "2016.05.14"]

1. d4 d5 2. c4 e6 3. Nc3 Nf6 4. cxd5 exd5 5. Bg5 Be7 6. e3 h6 7. Bh4 O-O 8. Qc2
c6 9. Bd3 Nbd7 10. Nge2 Re8 11. O-O Ne4 12. Bxe7 Qxe7 13. Rad1 Ndf6 14. Nf4 Bf5
15. Rfe1 Ng4 16. f3 Nxc3 17. bxc3 Nxe3 18. Qc1 Nxd1 19. Rxe7 Rxe7 20. Qxd1 Rae8
21. Kf2 Bxd3 22. Nxd3 Re3 23. Qd2 R3e7 24. Ne5 Rc8 25. Nd3 b6 26. Nf4 Rd7 27.
Qe3 Kf8 28. Qe5 Re8 29. Qf5 Rd6 30. Qd3 Red8 31. Qh7 g5 32. Qh8+ Ke7 33. Qe5+
Kf8 34. Qh8+ Ke7 35. Qe5+ Kf8 36. Nh5 c5 37. Ng3 Re6 38. Qh8+ Ke7 39. Qh7 Rf8
40. Nf5+ Kd8 41. Nxh6 Ke8 42. Ng4 cxd4 43. cxd4 Rc6 44. Qf5 f6 45. Ne3 Rf7 46.
Qxd5 Rcc7 47. Nf5 Rf8 48. Nd6+ Ke7 49. Nf5+ Ke8 50. Qe6+ Kd8 51. Qd6+ Kc8 52.
Qxf8+ Kb7 53. Qxf6 Rc2+ 54. Kg3 Rd2 55. Qf7+ Kc6 56. Qc4+ Kd7 57. d5 Ke8 58. d6
Kd7 59. Qf7+ Kc6 60. Qc7+ 1-0

[Event "DEM U16w 2016"]
[Site "Willingen GER"]
[Date "2016.05.21"]
[Round "9"]
[White "Diener, Carolin Valeria"]
[Black "Rogozenco, Teodora"]
[Result "0-1"]
[Termination "normal"]
[Board "7"]
[WhiteElo "1740"]
[BlackElo "2104"]
[PlyCount "50"]
[WhiteFideId "24699063"]
[BlackFideId "12938084"]
[EventCountry "GER"]
[EventRounds "9"]
[EventType "swiss"]
[EventDate "2016.05.14"]

1. e4 c5 2. Nf3 d6 3. Bb5+ Nd7 4. c3 Ngf6 5. d3 g6 6. O-O Bg7 7. Re1 a6 8. Ba4
O-O 9. Nbd2 b5 10. Bc2 Bb7 11. Nf1 Qc7 12. Ng3 e5 13. Bg5 d5 14. Bxf6 Nxf6 15.
exd5 Nxd5 16. Bb3 Rad8 17. Ne2 c4 18. Bc2 cxd3 19. Bxd3 Nf6 20. Nxe5 Qxe5 21.
Nd4 Qg5 22. Nf3 Qg4 23. Kh1 Ne4 24. Rf1 Nc5 25. h3 Bxf3 0-1

[Event "DEM U16w 2016"]
[Site "Willingen GER"]
[Date "2016.05.21"]
[Round "9"]
[White "Ratay, Meike"]
[Black "Reinecke, Katharina"]
[Result "1/2-1/2"]
[Termination "normal"]
[Board "8"]
[WhiteElo "1688"]
[BlackElo "1842"]
[PlyCount "69"]
[WhiteFideId "12977608"]
[BlackFideId "12929727"]
[EventCountry "GER"]
[EventRounds "9"]
[EventType "swiss"]
[EventDate "2016.05.14"]

1. e4 c5 2. Nf3 e6 3. d4 cxd4 4. Nxd4 a6 5. c4 Qc7 6. Nc3 Nf6 7. Be3 d6 8. Be2
Nbd7 9. O-O b6 10. Rc1 Bb7 11. f3 Rc8 12. b3 Be7 13. Qe1 O-O 14. g4 Rfd8 15. g5
Ne8 16. h4 Qb8 17. h5 Nf8 18. f4 f6 19. Bg4 Nc7 20. Na4 Bxe4 21. Nxb6 Qxb6 22.
Nf5 Bxf5 23. Bxb6 Bxg4 24. h6 fxg5 25. hxg7 Ng6 26. fxg5 Kxg7 27. Qg3 Bf5 28.
Rce1 Rf8 29. Be3 d5 30. Bd4+ Kg8 31. Rc1 Ba3 32. Rcd1 Be7 33. Rc1 Ba3 34. Rcd1
Be7 35. Rc1 1/2-1/2

[Event "DEM U16w 2016"]
[Site "Willingen GER"]
[Date "2016.05.21"]
[Round "9"]
[White "Schilay, Eva"]
[Black "Sanati, Charlotte"]
[Result "0-1"]
[Termination "normal"]
[Board "9"]
[WhiteElo "1540"]
[BlackElo "1915"]
[PlyCount "66"]
[WhiteFideId "12930164"]
[BlackFideId "12907707"]
[EventCountry "GER"]
[EventRounds "9"]
[EventType "swiss"]
[EventDate "2016.05.14"]

1. e4 c5 2. Nc3 d6 3. Nge2 e5 4. d3 Nc6 5. g3 g6 6. Bg2 Bg7 7. Be3 Nge7 8. Qd2
Nd4 9. f4 Bh3 10. O-O Qd7 11. Nd1 Bxg2 12. Kxg2 h5 13. h4 O-O 14. c3 Nxe2 15.
Qxe2 f5 16. Nf2 Qc6 17. Kh2 Rae8 18. Qc2 d5 19. exf5 Nxf5 20. Bd2 exf4 21. Bxf4
Ne3 22. Bxe3 Rxe3 23. Nh3 Rfe8 24. Rf2 Be5 25. Rg1 Qd6 26. Nf4 Bxf4 27. gxf4
Kh7 28. Rg3 Qf6 29. Rg5 Qe6 30. Rg3 Rxg3 31. Kxg3 Qg4+ 32. Kh2 Re3 33. Qd2 Rh3#
0-1

[Event "DEM U16w 2016"]
[Site "Willingen GER"]
[Date "2016.05.21"]
[Round "9"]
[White "Sauer, Annika"]
[Black "Christiansen, Anna"]
[Result "0-1"]
[Termination "normal"]
[Board "10"]
[WhiteElo "1596"]
[BlackElo "1503"]
[PlyCount "78"]
[WhiteFideId "12952052"]
[BlackFideId "12952230"]
[EventCountry "GER"]
[EventRounds "9"]
[EventType "swiss"]
[EventDate "2016.05.14"]

1. d4 Nf6 2. Nf3 d5 3. e3 c5 4. b3 e6 5. Bb2 Be7 6. Bd3 O-O 7. Nbd2 Nbd7 8. O-O
Re8 9. Rc1 b6 10. c4 Bb7 11. Qc2 Nf8 12. Ne5 Ng6 13. Nxg6 hxg6 14. Nf3 Ne4 15.
Ne5 cxd4 16. Bxd4 Bf6 17. Bxe4 dxe4 18. Rfd1 Qc7 19. Qb2 Rad8 20. Bc3 Rxd1+ 21.
Rxd1 Rd8 22. Rxd8+ Qxd8 23. h3 Qd6 24. Ng4 Bxc3 25. Qxc3 Qd3 26. Qxd3 exd3 27.
Kf1 d2 28. Ke2 d1=Q+ 29. Kxd1 Bxg2 30. Ke2 Bxh3 31. f3 Bxg4 32. fxg4 Kf8 33.
Kf3 Ke7 34. Kf4 f6 35. b4 Kd6 36. e4 g5+ 37. Kf3 g6 38. a3 f5 39. exf5 gxf5 0-1

[Event "DEM U16w 2016"]
[Site "Willingen GER"]
[Date "2016.05.21"]
[Round "9"]
[White "Jörs, Pia-Milena"]
[Black "ter Stal, Esther"]
[Result "1/2-1/2"]
[Termination "normal"]
[Board "11"]
[WhiteElo "1568"]
[BlackElo "1597"]
[PlyCount "50"]
[WhiteFideId "12964646"]
[BlackFideId "12944467"]
[EventCountry "GER"]
[EventRounds "9"]
[EventType "swiss"]
[EventDate "2016.05.14"]

1. d4 Nf6 2. c4 e6 3. Nc3 Bb4 4. Qc2 O-O 5. a3 Bxc3+ 6. Qxc3 b6 7. Nf3 Bb7 8.
e3 Ne4 9. Qc2 d6 10. Bd3 f5 11. O-O Nd7 12. Nd2 Ndf6 13. f3 Ng5 14. e4 fxe4 15.
Nxe4 Nfxe4 16. fxe4 Rxf1+ 17. Kxf1 Qf6+ 18. Ke2 Rf8 19. Be3 e5 20. d5 Bc8 21.
h3 Qg6 22. Kd2 Bd7 23. Rd1 c5 24. Kc1 h6 25. Rg1 h5 1/2-1/2

[Event "DEM U16w 2016"]
[Site "Willingen GER"]
[Date "2016.05.21"]
[Round "9"]
[White "Weiten, Anna"]
[Black "Gläser, Anne"]
[Result "1-0"]
[Termination "normal"]
[Board "12"]
[WhiteElo "1415"]
[BlackElo "1304"]
[PlyCount "57"]
[WhiteFideId "12938203"]
[BlackFideId "16208765"]
[EventCountry "GER"]
[EventRounds "9"]
[EventType "swiss"]
[EventDate "2016.05.14"]

1. e4 e5 2. Nf3 Nc6 3. d4 exd4 4. Nxd4 Nf6 5. Nc3 Bb4 6. Nxc6 bxc6 7. Bd3 d5 8.
exd5 O-O 9. O-O cxd5 10. a3 Bxc3 11. bxc3 c6 12. Bg5 h6 13. Bh4 Qd6 14. h3 Nd7
15. Re1 Nf6 16. Qd2 Bd7 17. Re3 Rfe8 18. Bg3 Qc5 19. Be5 Qe7 20. Rae1 Kh8 21.
Rf3 Kg8 22. Rxf6 Rac8 23. Qf4 Qxf6 24. Bxf6 Rxe1+ 25. Kh2 gxf6 26. Qxh6 f5 27.
Qg5+ Kf8 28. Qf6 Re7 29. Qh8# 1-0